Effects of financing constraints on operation, profitability and growth of small and micro enterprises : (Record no. 15418)
[ view plain ]
| 000 -LEADER | |
|---|---|
| fixed length control field | 00822cam a22002172 4500 |
| 001 - CONTROL NUMBER | |
| control field | 0000025001 |
| 005 - DATE AND TIME OF LATEST TRANSACTION | |
| control field | 20151217161559.0 |
| 008 - FIXED-LENGTH DATA ELEMENTS--GENERAL INFORMATION | |
| fixed length control field | 140411s xx 000 0 eng d |
| 040 ## - CATALOGING SOURCE | |
| Original cataloging agency | KABU |
| Transcribing agency | KABU |
| 100 1# - MAIN ENTRY--PERSONAL NAME | |
| Personal name | Mwohe, Karanga. |
| -- | 0000185361 |
| 245 10 - TITLE STATEMENT | |
| Title | Effects of financing constraints on operation, profitability and growth of small and micro enterprises : |
| Remainder of title | a survey of Mau-Narok division / |
| Statement of responsibility, etc. | Karanga Mwohe. |
| 250 ## - EDITION STATEMENT | |
| Edition statement | 1st ed. |
| 260 ## - PUBLICATION, DISTRIBUTION, ETC. (IMPRINT) | |
| Place of publication, distribution, etc. | Nakuru : |
| Name of publisher, distributor, etc. | Kabarak University, |
| Date of publication, distribution, etc. | 2013. |
| 300 ## - PHYSICAL DESCRIPTION | |
| Extent | xi, 76 leaves. + |
| Accompanying material | 1 CD-ROM. |
| 502 ## - DISSERTATION NOTE | |
| Dissertation note | Thesis (MBA) - Kabarak University, 2012. |
| 650 #0 - SUBJECT ADDED ENTRY--TOPICAL TERM | |
| Topical term or geographic name as entry element | Small business enterprises |
| General subdivision | Management. |
| -- | 0000182791 |
| 908 ## - PUT COMMAND PARAMETER (RLIN) | |
| Put command parameter | 140411 |
| 950 ## - LOCAL HOLDINGS (RLIN) | |
| -- | 1 |
| Withdrawn status | Lost status | Source of classification or shelving scheme | Not for loan | Home library | Current library | Date acquired | Total Checkouts | Full call number | Barcode | Date last seen | Date last checked out | Price effective from | Koha item type |
|---|---|---|---|---|---|---|---|---|---|---|---|---|---|
| Library of Congress Classification | Kabarak, Main Campus | Kabarak, Main Campus | 17/12/2015 | 3 | HD62.7 .M96 2013 c. 1 | 016578 | 25/03/2019 | 25/03/2019 | 17/12/2015 | Thesis, Dissertation and Projecs | |||
| Library of Congress Classification | Kabarak, Main Campus | Kabarak, Main Campus | 17/12/2015 | 1 | HD62.7 .M96 2013 c. 2 | 016476 | 03/03/2016 | 02/03/2016 | 17/12/2015 | Thesis, Dissertation and Projecs |